| 000 | 01031cam a22003017a 4500 | ||
|---|---|---|---|
| 005 | 20260322212019.0 | ||
| 008 | data | ||
| 010 | _a 2003100047 | ||
| 015 | _aGBA3-Z1788 | ||
| 016 | 7 |
_a0782142141 _2Uk |
|
| 020 | _a0782142141(pbk.) | ||
| 020 | _a9780782142143(pbk.) | ||
| 040 |
_aStDuBDS _cStDuBDS _dDLC _dCStRLIN _dDLC |
||
| 042 | _alccopycat | ||
| 050 | 0 | 0 |
_aHD69.P75 _bH447 2003 |
| 082 | 0 | 0 |
_a658.404 _221 |
| 092 | _a658.404 H447 2003 | ||
| 100 | 1 | _aHeldman, Kim. | |
| 245 | 1 | 0 |
_aProject management jumpstart / _cKim Heldman. |
| 260 |
_aSan Francisco, Calif. : _bSYBEX, _cc2003. |
||
| 300 |
_axvi, 334 p. : _bill. ; _c23cm. |
||
| 500 | _aIncludes index. | ||
| 650 | 0 | _aProject management. | |
| 856 | 4 | 2 |
_3Contributor biographical information _uhttp://www.loc.gov/catdir/enhancements/fy0615/2003100047-b.html |
| 856 | 4 | 2 |
_3Publisher description _uhttp://www.loc.gov/catdir/enhancements/fy0615/2003100047-d.html |
| 856 | 4 | 1 |
_3Table of contents only _uhttp://www.loc.gov/catdir/enhancements/fy0615/2003100047-t.html |
| 001 | data | ||
| 999 |
_c430 _d430 |
||